| 000 | 00400nam a2200145Ia 4500 | ||
|---|---|---|---|
| 008 | 211109s9999||||xx |||||||||||||| ||und|| | ||
| 082 |
_a894.8121 _bSAN-A |
||
| 100 | _aSankra Kurup, G | ||
| 245 | 0 | _aAnthar Dhaham | |
| 260 |
_bSAHITHYA PRVARTHAKA SANGHAM _aKottayam _c1953 |
||
| 300 | _a99p. | ||
| 630 | _xGeneral Stack | ||
| 650 |
_aMALAYALAM LITERATURE _vMALAYALAM POETRY _xGeneralia |
||
| 942 | _cBOOK | ||
| 999 |
_c17466 _d17466 |
||